00325nam a2200121Ia 4500008004100000041000800041082001200049100001400061245004500075260004100120300003100161365001100192240624s9999 xx 000 0 und d aeng a658 MIS aMISRA R N aINDIAN RAILWAYS TURNAROUND A STUDY IN MA c2010aMumbaibJaico Publishing House axiv, : 305 : p. : cm. ; 21 cRSb15